1200 1631 1106 1565 1948 1062 1559 1939 1031 1050 1205 1460 1633 1527 1270 1972 1509 1431 1779 1316 1246 1576 1167 1273 1949 1545 1238 1475 1953 1856 1072 1693 1429 1198 1119 1935 1894 1172 1025 1261 1769 1127 1811 1879 1603 1986 1561 1258 1802 1199 1972 1288 1645 1927 1906 1644 1994 1681 1372 1567 1294 1652 1230 1847 1367 1955 1180 1204 1704 1495 1319 1283 1909 1117 1524 1257 1236 1674 1820 1499 1566 1526 1697 1571 1862 1008 1203 1494 1257 1394 1295 1600 1561 1999 1794 1568 1952 1106 1825 BCNSPRNW ULIB Ver.6.0+V

เปลี่ยนเป็นภาษาไทย

Change to English
 แสดงรายละเอียดบรรณานุกรม
  กลับหน้าหลัก

Brief Record : Get Marc (ISO 2709) : E-mail record : QR code < ปิดหน้าต่าง
LEADER : 00000nam 2200000uu 4500
001    13399112158
003     ULIB
008    110627s1168||||th 000 0 tha d
020    9786165200318
090    นว.^bต389ก มปป.
100 0  ติญญา
245 00 กำแพงแห่งใจ/^cติญญา
250    พิมพ์ครั้งที่ 1
260    กรุงเทพฯ :^b1168 พับลิชชิ่ง,^cมปป.
300    287 หน้า
710 1  1168 พับลิชชิ่ง
945    ^p189^l0^i028089
995    ทศพร
999 ^a ใช้งานได้ทุกระบบ
รายการนี้ยังไม่มีแท็ก
คุณยังไม่ได้ล็อกอิน คุณสามารถมีกิจกรรมร่วมกับเว็บไซต์ได้ แต่ต้องล็อกอินก่อน ::
  ล็อกอิน

รายการสื่อสารสนเทศ

ลำดับที่ ประเภท เลขเรียก/บาร์โค้ด สถานที่ สถานะ
- ไม่พบข้อมูล -

BibComment


ยังไม่เคยถูกคอมเมนท์

คอมเมนท์ทรัพยากรรายการนี้
  คอมเมนท์: กำแพงแห่งใจ ติญญา


 Copyright 2026. Bcnsprnw @Library